Sports Quiz

Random Sports or NFL Quiz

ESPN's Top 16 Wide Receivers Quiz Stats

 Plays Quiz not verified by Sporcle

Support Sporcle.
Go Orange.
Score 0/16 Timer 04:00
0 Plays Today
Career NFL Yards/TDs/ School Name % Correct
4191 Yards/ 43 TD/ Georgia TechCalvin Johnson
96.4%
9164 Yards/ 50 TD/ MiamiAndre Johnson
96.3%
8204 Yards/ 65 TD/ PittsburghLarry Fitzgerald
92.2%
3124 Yards/ 17 TD/ CaliforniaDeSean Jackson
79.6%
3648 Yards/ 28 TD/ Northern ColoradoVincent Jackson
79.3%
5657 Yards/ 23 TD/ Texas TechWes Welker
78%
10748 Yards/ 69 TD/ MiamiReggie Wayne
72.6%
5097 Yards/ 40 TD/ HofstraMarques Colston
67.8%
Career NFL Yards/TDs/ School Name % Correct
5033 Yards/ 28 TD/ Central FloridaBrandon Marshall
67.7%
6078 Yards/ 37 TD/ Alabama-BirminghamRoddy White
65%
5222 Yards/ 40 TD/ Western MichiganGreg Jennings
61.7%
4581 Yards/ 26 TD/ Ohio StateSantonio Holmes
59.4%
3768 Yards/ 31 TD/ LSUDwayne Bowe
58.5%
2715 Yards/ 21 TD/ MonmouthMiles Austin
58%
2013 Yards/ 16 TD/ MississippiMike Wallace
57.3%
3818 Yards/ 26 TD/ IllinoisBrandon Lloyd
38.1%

You're not logged in!

Compare scores with friends on all Sporcle quizzes.
OR
Log In

From the Vault

One-Word Tom Hanks

by bruceN

Some of Tom's best work can be summed up in one word.
Remove Ads.
Support Sporcle.
Get the best of Sporcle when you Go Orange. This ad-free experience offers more features, more stats, and more fun while also helping to support Sporcle. Thank you for becoming a member.

Show Comments

Extras

Top Quizzes Today


Score Distribution

Your Account Isn't Verified!

In order to create a playlist on Sporcle, you need to verify the email address you used during registration. Go to your Sporcle Settings to finish the process.

Report this User

Report this user for behavior that violates our Community Guidelines.

Details: